000 00775cab a2200277 4500
001 ABS59060
008 090401t1998 xxu||||| |||| 00| 0 eng d
035 _a(Sirsi) u87507
041 _aeng
100 _aEade, C.
245 _aNet gains
260 _c1998
350 _a0
490 _aProperty Week
_v63(12) 10 July 1998, 28-29(2)
520 _aLooks at the growth in the use of the Internet as a tool for the buying, selling and letting of residential property.
650 _aBUYING
650 _aESTATE AGENTS
650 _aINTERNET
650 _aLETTING
650 _aRESIDENTIAL PROPERTY
_96266
650 _aSELLING
650 _aWEB SITES
690 _aMANAGEMENT-BUSINESS MANAGEMENT-INFORMATION MANAGEMENT
942 _n0
948 _c21/07/1998
999 _c55201
_d55201